Corporate governance in Vietanm : The beginning of a long journey
保存先:
| 第一著者: | |
|---|---|
| フォーマット: | 図書 |
| 言語: | Undetermined |
| 出版事項: |
Hanoi
The World Bank in Vietnam
2006
|
| 主題: | |
| タグ: |
タグ追加
タグなし, このレコードへの初めてのタグを付けませんか!
|
| Thư viện lưu trữ: | Trung tâm Học liệu Trường Đại học Cần Thơ |
|---|
| LEADER | 00575nam a2200205Ia 4500 | ||
|---|---|---|---|
| 001 | CTU_117252 | ||
| 008 | 210402s9999 xx 000 0 und d | ||
| 082 | |a 658.04 | ||
| 082 | |b F855 | ||
| 100 | |a Fressman, Nick | ||
| 245 | 0 | |a Corporate governance in Vietanm : | |
| 245 | 4 | |b The beginning of a long journey | |
| 245 | 0 | |c Nick Fressman, Nguyen Van Lan | |
| 260 | |a Hanoi | ||
| 260 | |b The World Bank in Vietnam | ||
| 260 | |c 2006 | ||
| 650 | |a Business interprises | ||
| 650 | |x Management | ||
| 904 | |i Vuong | ||
| 980 | |a Trung tâm Học liệu Trường Đại học Cần Thơ | ||